Le curé, le bailli et le berger de village, avis essentiel aux belges villageois, par un de leurs amis

Detalles Bibliográficos
Formato: Libro
Lenguaje:Undetermined
French
Publicado: aux Pays Bas Unis : et se trouve, chez A. Jevenois, 1700.
Materias:
Colección:Banco de datos
Acervo:Biblioteca Palafoxiana. Colección bibliográfica
Descripción Física:32 p. ; 4°
Tema general:Historia civil
Notas:Número de localización: 31922-Cc Encuadernado con 63 obras
LEADER 00580nam a2200157Ia 4500
008 150723s9999 xx 000 0 und d
041 0 |a fre 
050 0 |a PAFX D20 Q7 
245 1 0 |a Le curé, le bailli et le berger de village, avis essentiel aux belges villageois, par un de leurs amis 
260 |a aux Pays Bas Unis : et se trouve, chez A. Jevenois, 1700. 
300 |a 32 p. ; 4° 
500 |a Número de localización: 31922-Cc Encuadernado con 63 obras 
650 1 0 |a Historia civil 
942 |c PALALIB 
943 |g Biblioteca Palafoxiana. Colección bibliográfica 
999 |c 1063202  |d 1063202